<?xml version="1.0" encoding="UTF-8"?>
<record
    xmlns:xsi="http://www.w3.org/2001/XMLSchema-instance"
    xsi:schemaLocation="http://www.loc.gov/MARC21/slim http://www.loc.gov/standards/marcxml/schema/MARC21slim.xsd"
    xmlns="http://www.loc.gov/MARC21/slim">

  <leader>004680000a22001210004500</leader>
  <datafield tag="090" ind1=" " ind2=" ">
    <subfield code="a">AS</subfield>
    <subfield code="b">Seriadas</subfield>
  </datafield>
  <datafield tag="245" ind1="1" ind2="0">
    <subfield code="a">Mariposas diurnas de la Serran&#xED;a de los Churumbelos, Cauca</subfield>
    <subfield code="s">distribuci&#xF3;n altitudinal y diversidad de especies (Lepidoptera: Rhopalocera: Papilionoidea)</subfield>
  </datafield>
  <datafield tag="041" ind1="0" ind2=" ">
    <subfield code="a">Espa&#xF1;ol</subfield>
  </datafield>
  <datafield tag="700" ind1="1" ind2=" ">
    <subfield code="a">Hurtas H., Blanca C.</subfield>
    <subfield code="9">100072</subfield>
  </datafield>
  <datafield tag="100" ind1="1" ind2=" ">
    <subfield code="a">Arias B., John Jairo</subfield>
    <subfield code="9">35097</subfield>
  </datafield>
  <datafield tag="942" ind1=" " ind2=" ">
    <subfield code="c">ARTICULO</subfield>
  </datafield>
  <datafield tag="773" ind1="1" ind2=" ">
    <subfield code="t">Revista Colombiana de Entomolog&#xED;a</subfield>
    <subfield code="h">3-4</subfield>
    <subfield code="q">169-176</subfield>
    <subfield code="d">2001</subfield>
    <subfield code="g">27</subfield>
  </datafield>
  <datafield tag="999" ind1=" " ind2=" ">
    <subfield code="c">15850</subfield>
    <subfield code="d">15850</subfield>
  </datafield>
</record>
